| 000 | 00984nam a2200373 c 4500 | ||
|---|---|---|---|
| 001 | 68168 | ||
| 003 | DO-SdBNP | ||
| 005 | 20180510143229.0 | ||
| 007 | 68168 | ||
| 008 | 150721s2010 mx a | |||| 000 f spa | ||
| 015 | _a | ||
| 017 |
_a _b |
||
| 020 | _a9786071104427 | ||
| 035 | _a | ||
| 040 |
_aBPMSU _bspa _cBPMSU _e |
||
| 080 | _a | ||
| 082 | 4 |
_a863.6 _bP438a |
|
| 100 | 1 |
_aPérez-Reverte, Arturo _d1951- _4 |
|
| 245 | 1 | 3 |
_aEl asedio / _cArturo Pérez-Reverte |
| 250 | _a | ||
| 260 |
_aMéxico, D.F: _bAlfaguara, _c2010 |
||
| 300 |
_a727 p.: _bmapas, _c26 cm |
||
| 336 |
_aTexto (visual) _2isbdcontent |
||
| 337 |
_asin mediación _2isbdmedia |
||
| 490 | 0 | _v | |
| 490 | 0 |
_a _v |
|
| 500 | _aIncluye datos biográficos del autor en la solapa de la cubierta | ||
| 650 | 4 | _aNOVELA ESPAÑOLA | |
| 650 | 4 | _aLITERATURA ESPAÑOLA | |
| 901 | _a | ||
| 942 |
_2ddc _cBK |
||
| 945 | _aInventariado, 2017/MFF | ||
| 956 |
_aVMATEO _b10 _c20160830 _dBPMSU _f0069 |
||
| 999 |
_c11226 _d11226 |
||